000 01694nam0a2200361 i 4500
001 RU\NLR\BIBL_A\011291194
005 20241114202126.0
010 _a9785699910212
_92000
021 _aRU
_b2016-90210
_95939
035 _a(NLR Aleph) 011291194
090 _a10922499
_c10922499
100 _a20161212d2016 m y0rusy50 ca
101 0 _arus
102 _aRU
105 _aacb z 001zd
200 1 _aВойна империй. Тайная история борьбы Англии против России
_fАндрей Медведев
210 _aМосква
_cЭ
_d2016
215 _a796, [2] с.
_cил., портр., карт.
_d21
225 1 _aКниги известного политического обозревателя
300 _aНа 4-й с. обл. авт.: Андрей Медведев. журналист, полит. обозреватель
320 _aБиблиогр. в подстроч. примеч.
320 _aДр. произведения авт. на обл.
333 _a16+
517 1 _aТайная история борьбы Англии против России
607 _aРоссия
_xВзаимоотношения
_yВеликобритания
_92326085
_3RU\NLR\AUTH\661391305
607 _aВеликобритания
_xВзаимоотношения
_yРоссия
_92326086
_3RU\NLR\AUTH\661391306
686 1 _aТ3(2)0-64(4Вл)
686 1 _aТ3(4Вл)0-64(2)
700 1 _7ca
_8rus
_aМедведев
_bА. А.
_cтележурналист
_f1975-
_gАндрей Андреевич
_9155020
_3RU\NLR\AUTH\770155059
942 _cBOOK
980 _aNBR